Использование микросхемы DataFlash памяти AT45DB642 фирмы Atmel в микроконтроллерных системах с параллельным интерфейсом; Схемотехника; № 3

Bibliografiset tiedot
Parent link:Схемотехника: научно-технический журнал.— , 2002-2007
№ 3.— 2004.— С. 33-35
Päätekijä: Николайчук О.
Kieli:venäjä
Julkaistu: 2004
Sarja:Электроника в быту
Aiheet:
Aineistotyyppi: MixedMaterials Kirjan osa
KOHA link:https://koha.lib.tpu.ru/cgi-bin/koha/opac-detail.pl?biblionumber=391524

MARC

LEADER 00000naa2a2200000 4500
001 391524
005 20231101064108.0
035 |a (RuTPU)RU\TPU\prd\25806 
090 |a 391524 
100 |a 20040427a2004 k y0rusy50 ca 
101 0 |a rus 
102 |a RU 
200 1 |a Использование микросхемы DataFlash памяти AT45DB642 фирмы Atmel в микроконтроллерных системах с параллельным интерфейсом  |f О. Николайчук 
225 1 |a Электроника в быту 
461 1 |0 (RuTPU)RU\TPU\prd\2494  |t Схемотехника  |o научно-технический журнал  |d 2002-2007 
463 1 |0 (RuTPU)RU\TPU\prd\24912  |t № 3  |v С. 33-35  |d 2004 
610 1 |a микросхемы 
610 1 |a микроконтроллерные системы 
610 1 |a параллельные интерфейсы 
610 1 |a команды чтения 
610 1 |a запись 
610 1 |a стирание 
610 1 |a микросхемы памяти 
610 1 |a дополнительные команды 
700 1 |a Николайчук  |b О. 
801 1 |a RU  |b 63413507  |c 20040427  |g PSBO 
801 2 |a RU  |b 63413507  |c 20131218  |g RCR 
942 |c BK